| 000 | 00601nam a2200193Ia 4500 | ||
|---|---|---|---|
| 003 | IN-BaIIA | ||
| 008 | 211028s9999 xx 000 0 eng d | ||
| 040 | _cIIA Library | ||
| 080 |
_a539 _bCLA |
||
| 100 |
_aClark, Douglas C. H _91876 |
||
| 245 | 4 |
_aThe fine structure of matter _bpt. II, molecular polarization _cDouglas C. H. Clark |
|
| 260 |
_aLondon _bChapman and Hall _c1938 |
||
| 300 | _axxxvi, 457p. | ||
| 650 |
_aAtomic Polarization _91877 |
||
| 650 |
_aAtomic Structure _91534 |
||
| 650 |
_aLine Spectra _91878 |
||
| 650 | _aNASA Thesaurus | ||
| 942 | _cBK | ||
| 999 |
_c878 _d878 |
||